000 00348nam a2200145Ia 4500
008 221030s9999 xx 000 0 und d
020 _a8126523726
041 _aEnglish
100 _aB. Sosinsky
245 0 _aNetworking Bible
_cby B. Sosinsky
260 _bWilley Pub.
_aNew Delhi
_c2010
300 _a890
650 _aBE Computer
942 _cBK
999 _c16159
_d16159